Normal view MARC view
  • GARDINER, M. DENA

Entry Personal Name

Number of records used in: 1

001 - CONTROL NUMBER

  • control field: 6971

003 - CONTROL NUMBER IDENTIFIER

  • control field: OSt

005 - DATE AND TIME OF LATEST TRANSACTION

  • control field: 20220120125114.0

008 - FIXED-LENGTH DATA ELEMENTS

  • fixed length control field: 220120|| aca||aabn | a|a d

040 ## - CATALOGING SOURCE

  • Original cataloging agency: OSt
  • Transcribing agency: OSt

100 ## - HEADING--PERSONAL NAME

  • Personal name: GARDINER, M. DENA

670 ## - SOURCE DATA FOUND

  • Source citation: Work cat.: (OSt): GARDINER, M. DENA, THE PRINCIPLES OF EXERCISE THERAPY